000 01423nam a2200349 a 4500
001 ebr10697009
003 CaPaEBR
006 m o u
007 cr cn|||||||||
008 040120s2004 enk sb 001 0 eng d
010 _z 2004001334
020 _z1904768008 (hb)
020 _z9781904768005
020 _z9781845535575 (e-book)
040 _aCaPaEBR
_cCaPaEBR
035 _a(OCoLC)849930886
050 1 4 _aP291
_b.M59 2004eb
082 0 4 _a415
_222
100 1 _aMorley, G. David
_q(George David),
_d1943-
245 1 0 _aExplorations in functional syntax
_h[electronic resource] :
_ba new framework for lexicogrammatical analysis /
_cG. David Morley.
260 _aLondon ;
_aOakville, Conn. :
_bEquinox Pub.,
_c2004.
300 _a215 p.
504 _aIncludes bibliographical references (p. [201]-208) and index.
505 0 _apt. 1. Grammar in context -- pt. 2. Syntactic units, elements and structure.
533 _aElectronic reproduction.
_bPalo Alto, Calif. :
_cebrary,
_d2013.
_nAvailable via World Wide Web.
_nAccess may be limited to ebrary affiliated libraries.
650 0 _aGrammar, Comparative and general
_xSyntax.
650 0 _aSemantics.
650 0 _aFunctionalism (Linguistics)
655 7 _aElectronic books.
_2local
710 2 _aebrary, Inc.
856 4 0 _uhttp://site.ebrary.com/lib/rucke/Doc?id=10697009
_zAn electronic book accessible through the World Wide Web; click to view
999 _c8108
_d8108